Top 10 Länder mit den günstigsten Benzinpreisen - Statistiken

Allgemein
  • Dieses Quiz wurde 48 mal gespielt
  • Das Durchschnittsergebnis liegt bei 4 aus 10
Antwortstatistiken
Platz Preis/Liter Land % Korrekt
1 2 Cent Iran
71%
3 3 Cent Venezuela
55%
5 29 Cent Kuwait
48%
7 34 Cent Ägypten
40%
2 2 Cent Libyen
38%
6 30 Cent Algerien
33%
9 39 Cent Kasachstan
33%
8 37 Cent Turkmenistan
31%
4 28 Cent Angola
10%
10 42 Cent Malaysia
10%
Keine übereinstimmenden Quizze gefunden
Verteilung der Resultate
Anzahl Personen mit jedem Resultat
Perzentil nach korrekt beantworteten Fragen
Ihre Resultats-Entwicklung
Sie haben dieses Quiz noch nicht gespielt